Générique Raiponce - Paroles - Statistiques

Statistiques générales
  • Ce quiz a été pris 154 fois
  • Le résultat moyen est 6 sur 9
Statistiques - réponses
Paroles % Correct
J'ai le vent dans les {cheveux}
100%
Et une flamme dans le {coeur}
91%
Des étoiles plein les {yeux}
90%
Le vent dans les {cheveux}
83%
Je pourrais {aller} n'importe où
78%
L'histoire tourne en ma {faveur}
74%
Un mystère à {découvrir}
47%
J'irai loin, c'est mon {voeu}
40%
Car le souffle de l'air est {merveilleux}
32%
Aucun quiz correspondant
Distribution des résultats
% des personnes avec chaque résultat
Percentile par nombre de réponses
Votre historique - résultats
Vous n’avez pas pris ce quiz